000 00607nam a2200205Ii 4500
001 6899
003 CO-ViMGA
008 241108s9999||||xx |||||||||||||| ||und||
040 _aCO-ViMGA
_bspa
_erda
_cCO-ViMGA
041 0 _aunk
082 0 4 _a868-G544
100 1 _aArturo Giménez Pastor
_953643
245 1 0 _aHistoria de la literatura Argentina
264 1 _a[Lugar de publicación no identificado] : Labor, 1945
300 _avolumen
336 _atext
_btxt
_2rdacontent
337 _aunmediated
_bn
_2rdamedia
338 _avolume
_bnc
_2rdacarrier
940 _aidficha_siabuc: 6741. -- ficha_no_siabuc:6899
999 _c50342
_d50342